| LEADER | 02774nam a2200313 4500 | ||
|---|---|---|---|
| 082 | |a 004.03 |b T550đ | ||
| 100 | |a Nguyễn An | ||
| 242 | |a English - Vietnamese dictionary of mathematics and informatics | ||
| 245 | |a Từ điển toán học và tin học Anh - Việt |c Nguyễn An, Hoàng Chất, Trần Hiền,...; Nguyễn Đoan ,...hiệu đính |b Khoảng 65.000 thuật ngữ | ||
| 260 | |a H. |b Khoa học kỹ thuật |c 2003 | ||
| 300 | |a 1330 tr. |c 24 cm. | ||
| 520 | |a v.v... | ||
| 653 | |a Toán học | ||
| 653 | |a Tin học | ||
| 653 | |a Tiếng Anh | ||
| 653 | |a Tiếng Việt | ||
| 653 | |a Từ điển | ||
| 942 | |2 ddc |c STK0 | ||
| 999 | |c 3888 |d 3888 | ||
| 952 | |0 0 |1 0 |2 ddc |4 0 |6 004_030000000000000_T550Đ |7 1 |8 000 |9 39363 |a qbu |b qbu |c D4 |d 2014-12-17 |g 266000 |o 004.03 T550đ |p 3066.c1 |r 0000-00-00 |w 2014-12-17 |y STK0 |0 0 |6 004_030000000000000_T550Đ | ||
| 952 | |0 0 |1 0 |2 ddc |4 0 |6 004_030000000000000_T550Đ |7 0 |8 000 |9 39364 |a qbu |b qbu |c D4 |d 2014-12-17 |g 266000 |o 004.03 T550đ |p 3066.c2 |r 0000-00-00 |w 2014-12-17 |y STK0 |0 0 |6 004_030000000000000_T550Đ |0 0 |6 004_030000000000000_T550Đ | ||
| 952 | |0 0 |1 0 |2 ddc |4 0 |6 004_030000000000000_T550Đ |7 0 |8 000 |9 39365 |a qbu |b qbu |c D4 |d 2014-12-17 |g 266000 |o 004.03 T550đ |p 3066.c3 |r 0000-00-00 |w 2014-12-17 |y STK0 |0 0 |6 004_030000000000000_T550Đ |0 0 |6 004_030000000000000_T550Đ | ||
| 952 | |0 0 |1 0 |2 ddc |4 0 |6 004_030000000000000_T550Đ |7 0 |8 000 |9 39366 |a qbu |b qbu |c D4 |d 2014-12-17 |g 266000 |o 004.03 T550đ |p 3066.c4 |r 0000-00-00 |w 2014-12-17 |y STK0 |0 0 |6 004_030000000000000_T550Đ |0 0 |6 004_030000000000000_T550Đ | ||
| 952 | |0 0 |1 0 |2 ddc |4 0 |6 004_030000000000000_T550Đ |7 0 |8 000 |9 39367 |a qbu |b qbu |c D4 |d 2014-12-17 |g 266000 |o 004.03 T550đ |p 3066.c5 |r 0000-00-00 |w 2014-12-17 |y STK0 |0 0 |6 004_030000000000000_T550Đ |0 0 |6 004_030000000000000_T550Đ | ||
| 952 | |0 0 |1 0 |2 ddc |4 0 |6 004_030000000000000_T550Đ |7 0 |8 000 |9 39368 |a qbu |b qbu |c D4 |d 2014-12-17 |g 266000 |o 004.03 T550đ |p 3066.c6 |r 0000-00-00 |w 2014-12-17 |y STK0 |0 0 |6 004_030000000000000_T550Đ |0 0 |6 004_030000000000000_T550Đ | ||
| 952 | |0 0 |1 0 |2 ddc |4 0 |6 004_030000000000000_T550Đ |7 0 |8 000 |9 39369 |a qbu |b qbu |c D4 |d 2014-12-17 |g 266000 |o 004.03 T550đ |p 3066.c7 |r 0000-00-00 |w 2014-12-17 |y STK0 |0 0 |6 004_030000000000000_T550Đ |0 0 |6 004_030000000000000_T550Đ | ||
| 952 | |0 0 |1 0 |2 ddc |4 0 |6 004_030000000000000_T550Đ |7 0 |8 000 |9 39370 |a qbu |b qbu |c D4 |d 2014-12-17 |g 266000 |o 004.03 T550đ |p 3066.c8 |r 0000-00-00 |w 2014-12-17 |y STK0 |0 0 |6 004_030000000000000_T550Đ |0 0 |6 004_030000000000000_T550Đ | ||
| 952 | |0 0 |1 0 |2 ddc |4 0 |6 004_030000000000000_T550Đ |7 0 |8 000 |9 39371 |a qbu |b qbu |c D4 |d 2014-12-17 |g 266000 |o 004.03 T550đ |p 3066.c9 |r 0000-00-00 |w 2014-12-17 |y STK0 |0 0 |6 004_030000000000000_T550Đ |0 0 |6 004_030000000000000_T550Đ | ||
| 952 | |0 0 |1 0 |2 ddc |4 0 |6 004_030000000000000_T550Đ |7 0 |8 000 |9 97497 |a qbu |b qbu |c D4 |d 2015-11-03 |g 266000 |o 004.03 T550đ |p 3066.c10 |r 0000-00-00 |w 2015-11-03 |y STK0 | ||